000 01147nam0a22002891 4500
001 rc\3347922
005 20130115152152.2
021 _aRU
_b73-15331
021 _aRU
_bРг6861-73
035 _a(NLR Aleph) 007434741
090 _a7053042
_c7053042
100 _a20130115d1972 |||y0rusy50 ca
101 0 _arus
102 _aRU
105 _ay z |||||
200 1 _aИнструктивно-методические материалы по работе с пионерами на 1972-1974 гг.
_fВологод. Обком ВЛКСМ
210 _aВологда
_cБ. и.
_d1972
215 _a41 с.
_d20
300 _aВ вып. дан. сост.: А.Г. Шубейкина
532 1 1 _aИнструктивно-методические материалы по работе с пионерами на тысяча девятьсот семьдесят второй - 1974 гг.
702 1 _aШубейкина
_bА. Г.
_4220
712 0 2 _aВЛКСМ
_bВологодский обл. ком
_3RU\NLR\AUTH\8810147994
801 0 _aRU
_bNLR
_gpsbo
801 1 _aRU
_bELAR
_2rusmarc
852 _aNLR
_j73-4/12775
942 _cBOOK
980 _aNB